| 000 | 00663nam a22002417a 4500 | ||
|---|---|---|---|
| 003 | UA-OsUOA | ||
| 001 | 42980 | ||
| 007 | ta | ||
| 008 | 20061204b un ||||| |||| 00| 0 ukr d | ||
| 100 | _aЩеголев И. | ||
| 090 |
_a159.925.6 _bЩ34 |
||
| 942 | _cBK | ||
| 040 |
_aUA-OsUOA _brus _cUA-OsUOA _dUA-OsUOA |
||
| 245 |
_a16 типов личности - 16 типов почерка _bИз записной книжки графолога |
||
| 300 | _a144 с. | ||
| 955 | _a2 | ||
| 041 | _arus | ||
| 080 | _a159.925.6 | ||
| 020 | _a5-469-00047-8 | ||
| 260 |
_aСПб _bПитер _c2006 |
||
| 650 | 7 |
_a159.9 Психологія _2UDC |
|
| 999 |
_c329105 _d329105 |
||